[Event "Nordic Chess-ch 2019"]
[Site "Sarpsborg"]
[Date "2019.06.24"]
[Round "5.10"]
[White "Vestby-Ellingsen, Mads"]
[Black "Kvaloy, Aksel Bu"]
[Result "1-0"]
[WhiteElo "2345"]
[BlackElo "2138"]
[Annotator "TA"]
[PlyCount "77"]
[EventDate "2019.06.21"]
[EventType "swiss"]
[EventCountry "NOR"]
[SourceTitle "playchess.com"]
[Source "ChessBase"]
[SourceQuality "1"]

{[%evp 13,76,23,18,12,14,18,6,12,11,0,0,0,22,0,0,0,0,-58,-75,-62,-40,-47,39,30,20,33,44,37,36,0,144,164,371,356,533,511,616,601,714,695,690,615,29996,0,0,0,0,0,489,491,975,965,5297,5327,2248,1834,1116,830,29994,29995,29997,29998,29998,29999,29999]} 1. d4 d5 2. c4 e6 3. Nc3 Bb4 4. a3 Bxc3+ 5. bxc3 Nf6 6. e3 c6 7. Bd3 O-O 8. cxd5 {E49: Nimzo-Indian: Rubinstein: 5 Bd3 d5 6 a3 Bxc3+ 7 bxc3} cxd5 9. Nf3 b6 10. Qe2 {The position is equal.} Ne4 11. Bb2 Nc6 12. O-O Na5 13. Bxe4 $146 ({Predecessor:} 13. Nd2 Bb7 14. a4 Qc7 15. Bxe4 dxe4 {½-½ (66) Jones,G (2637)-Yu,Y (2688) Reykjavik 2013}) 13... dxe4 14. Nd2 $1 Bb7 15. f3 (15. Rfc1 $11) 15... exf3 $15 16. gxf3 Qg5+ 17. Kh1 b5 (17... Rac8 $15) 18. Rg1 Qh5 {aiming for ...Nc4!} 19. Rg3 Nc4 20. Nxc4 bxc4 21. Rag1 (21. Qg2 $5 {[%cal Rg3g7]} g6 22. e4 $14) 21... Kh8 (21... g6 $11) 22. e4 $36 {[%mdl 2048] Keeping Black busy.} f5 $2 {[#]} (22... g6) 23. Rg5 $1 $18 {[%cal Rg5h5]} Qh4 (23... Qh6 $142 24. Rxg7 Rg8 25. Rxb7 Rxg1+ 26. Kxg1 Rg8+ 27. Kh1 Qg5) 24. Rxg7 Rab8 {[%cal Rf5e4]} 25. Qg2 fxe4 26. Rc7 {[%csl Gc7,Gg1][%cal Rg2g7]} Rg8 {[#]} 27. Rxb7 $1 {[%mdl 512]} exf3 {[#]} (27... Rxb7 28. Qxg8#) 28. Qxf3 $2 (28. Qg7+ $1 {[%mdl 512] mates} Rxg7 29. Rxb8+ Qd8 30. Rxd8+ Rg8 31. Rgxg8#) 28... Rxg1+ $11 29. Kxg1 Qg5+ $1 30. Kf1 Rg8 $2 {[%mdl 8192]} (30... Rxb7 $11 31. Qxb7 Qf5+ 32. Kg2 Qc2+ 33. Kg3 Qg6+ 34. Kf4 Qf5+ 35. Ke3 Qd3+ 36. Kf4 Qf5+ 37. Kg3 Qg5+ 38. Kf3 Qf5+ 39. Kg3 Qg6+ 40. Kh3 Qh6+ 41. Kg2 Qd2+ 42. Kh3 Qh6+ 43. Kg4 Qg6+ 44. Kh4 Qh6+ 45. Kg4 Qg6+ 46. Kh3 Qh6+) 31. Ke2 $18 e5 {[#]} (31... Qg2+ $142 32. Qxg2 Rxg2+ 33. Kd1 Rxh2) 32. Bc1 $1 {[%mdl 512]} Qh4 (32... Qxc1 33. Qf6+) 33. Be3 {Intending h3 and mate.} e4 34. Qf2 Qg4+ 35. Kd2 {Threatening mate with Qf6+.} Qe6 36. d5 {White mates.} Qxd5+ 37. Bd4+ Rg7 38. Qf8+ {[%mdl 64] Double Attack, Pin} Qg8 39. Bxg7# {Accuracy: White = 68%, Black = 30%.} 1-0

[Event "Nordic Chess-ch 2019"]
[Site "Sarpsborg"]
[Date "2019.06.24"]
[Round "5.11"]
[White "Cederstam Barsk, Carl"]
[Black "Tunge, Christian"]
[Result "1-0"]
[WhiteElo "2334"]
[BlackElo "2027"]
[Annotator "TA"]
[PlyCount "55"]
[EventDate "2019.06.21"]
[EventType "swiss"]
[EventCountry "NOR"]
[SourceTitle "playchess.com"]
[Source "ChessBase"]
[SourceQuality "1"]

{[%evp 19,103,44,45,54,56,26,32,22,25,10,4,37,65,74,95,86,95,51,61,47,52,20,38,26,25,21,43,-14,115,118,112,102,116,128,101,93,91,78,89,89,115,116,342,322,324,336,330,315,315,289,521,160,589,333,448,409,569,558,718,848,1020,712,1033,1033,1033,1026,1016,993,957,950,950,292,1719,1659,6346,6332,6103,6054,5531,1875,29964,29972,29969,29969,6047,5184]} 1. Nf3 c5 2. c4 Nf6 3. Nc3 g6 4. d4 Bg7 5. e4 O-O 6. Be2 cxd4 7. Nxd4 Nc6 8. Be3 d6 9. O-O Bd7 10. Nb3 a5 11. Nd2 {B38: Sicilian: Maroczy Bind with 5...Bg7 and 7...0-0} Bc8 12. f4 Nd7 13. Nf3 $146 {White is slightly better.} ({Predecessor:} 13. f5 Bd4 14. Bxd4 Nxd4 15. Nb3 Nxb3 16. axb3 Nc5 17. b4 axb4 18. Rxa8 bxc3 19. bxc3 Nxe4 {1-0 (41) Ghaem Maghami,E (2593)-Dargan,P (2206) Dubai 2009}) 13... Nc5 14. e5 Bf5 15. Nh4 Ne4 16. Nxf5 Nxc3 17. bxc3 gxf5 18. Qc2 dxe5 19. Qxf5 {Strongly threatening Bd3.} e6 20. Qh5 {With the idea Bc5.} f5 $1 21. Rab1 Rf7 22. fxe5 Bxe5 23. Bf3 ({White should try} 23. Kh1 $14) 23... Qf6 (23... Qd3 $11 {remains equal.} 24. Bf2 Qxc4) 24. Rxb7 $1 $16 {[%mdl 64] Remove Defender} Rxb7 25. Bxc6 Rbb8 26. Bxa8 Rxa8 27. Rd1 Rd8 28. Bf2 {Played: Rd1-d7} 1-0

[Event "Nordic Chess-ch 2019"]
[Site "Sarpsborg"]
[Date "2019.06.24"]
[Round "5.12"]
[White "Sahl, Sheila Barth"]
[Black "Tryggestad, Andreas Garberg"]
[Result "0-1"]
[WhiteElo "2127"]
[BlackElo "2324"]
[Annotator "NA"]
[PlyCount "67"]
[EventDate "2019.06.21"]
[EventType "swiss"]
[EventCountry "NOR"]
[SourceTitle "playchess.com"]
[Source "ChessBase"]
[SourceQuality "1"]
[TimeControl "40/5400+30:1800+30"]

1. d4 {[%emt 0:00:00]} Nf6 {[%emt 0:00:00]} 2. Bf4 {[%emt 0:00:00]} g6 {[%emt 0:00:00]} 3. Nc3 {[%emt 0:00:33]} d5 {[%emt 0:00:00]} 4. e3 {[%emt 0:01:03]} Bg7 {[%emt 0:00:00]} 5. h4 {[%emt 0:00:39]} c5 {[%emt 0:06:55]} 6. Nb5 {[%emt 0:00:27]} Na6 {[%emt 0:00:07]} 7. c3 {[%emt 0:00:38]} Bd7 {[%emt 0:04:36]} 8. a4 {[%emt 0:01:00]} O-O {[%emt 0:15:35]} 9. Be2 {[%emt 0:02:44]} c4 {[%emt 0:10:18]} 10. b3 {[%emt 0:09:26]} cxb3 {[%emt 0:05:37]} 11. Qxb3 {[%emt 0:00:49]} Qa5 {[%emt 0:00:08]} 12. Rc1 {[%emt 0:06:09]} Rac8 {[%emt 0:03:55]} 13. Nf3 {[%emt 0:11:54]} Nb8 {[%emt 0:11:01]} 14. O-O {[%emt 0:02:54]} Nc6 {[%emt 0:12:25]} 15. c4 {[%emt 0:03:22]} dxc4 {[%emt 0:00:44]} 16. Bxc4 {[%emt 0:00:42]} Qb6 {[%emt 0:01:42]} 17. Ng5 {[%emt 0:06:21]} Be8 {[%emt 0:01:29]} 18. Qa2 {[%emt 0:22:54]} h6 {[%emt 0:06:13]} 19. Ne6 {[%emt 0:03:10]} fxe6 {[%emt 0:00:06]} 20. Bxe6+ {[%emt 0:00:11]} Bf7 {[%emt 0:00:01]} 21. Bxf7+ {[%emt 0:01:02]} Rxf7 {[%emt 0:00:02]} 22. d5 {[%emt 0:01:02]} a6 {[%emt 0:00:27]} 23. Nd4 {[%emt 0:07:13]} Na7 {[%emt 0:00:32]} 24. Rb1 {[%emt 0:00:58]} Qd8 {[%emt 0:00:59]} 25. Rxb7 {[%emt 0:00:56]} Qxd5 {[%emt 0:00:24]} 26. Qxd5 {[%emt 0:08:07]} Nxd5 {[%emt 0:00:11]} 27. Ne6 {[%emt 0:00:08]} Nc6 {[%emt 0:01:43]} 28. Rc1 {[%emt 0:00:41]} Nxf4 {[%emt 0:04:17]} 29. exf4 {[%emt 0:00:17]} Rf6 {[%emt 0:00:16]} 30. Re1 {[%emt 0:01:53]} Kf7 {[%emt 0:00:33]} 31. Nc7 {[%emt 0:04:22]} Rb8 {[%emt 0:02:50]} 32. Rxb8 {[%emt 0:00:26]} Nxb8 {[%emt 0:00:02]} 33. g3 {[%emt 0:00:47]} Rd6 {[%emt 0:00:31]} 34. Rb1 {[%emt 0:00:21]} 0-1

[Event "Nordic Chess-ch 2019"]
[Site "Sarpsborg"]
[Date "2019.06.24"]
[Round "5.13"]
[White "Blauhut, Holger"]
[Black "Haugli, Petter"]
[Result "1-0"]
[WhiteElo "2041"]
[BlackElo "2223"]
[Annotator "NA"]
[PlyCount "71"]
[EventDate "2019.06.21"]
[EventType "swiss"]
[EventCountry "NOR"]
[SourceTitle "playchess.com"]
[Source "ChessBase"]
[SourceQuality "1"]
[TimeControl "40/5400+30:1800+30"]

1. e4 {[%emt 0:00:00]} e6 {[%emt 0:00:00]} 2. d4 {[%emt 0:00:00]} d5 {[%emt 0:00:00]} 3. Bd3 {[%emt 0:00:00]} dxe4 {[%emt 0:01:57]} 4. Bxe4 {[%emt 0:00:03]} Nf6 {[%emt 0:00:08]} 5. Bf3 {[%emt 0:00:17]} c5 {[%emt 0:09:08]} 6. Ne2 {[%emt 0:04:13]} Nc6 {[%emt 0:10:34]} 7. Be3 {[%emt 0:03:45]} cxd4 {[%emt 0:22:06]} 8. Nxd4 {[%emt 0:01:52]} Nxd4 {[%emt 0:00:13]} 9. Qxd4 {[%emt 0:00:46]} Qa5+ {[%emt 0:04:38]} 10. Nd2 {[%emt 0:03:45]} e5 {[%emt 0:02:37]} 11. Qd3 {[%emt 0:07:04]} Be7 {[%emt 0:05:31]} 12. O-O {[%emt 0:04:00]} O-O {[%emt 0:00:02]} 13. Ne4 {[%emt 0:11:26]} Qc7 {[%emt 0:02:45]} 14. Qc3 {[%emt 0:03:20]} Qxc3 {[%emt 0:03:22]} 15. Nxc3 {[%emt 0:03:45]} Bf5 {[%emt 0:00:13]} 16. Nd5 {[%emt 0:04:21]} Nxd5 {[%emt 0:09:44]} 17. Bxd5 {[%emt 0:00:06]} Rfd8 {[%emt 0:00:15]} 18. c4 {[%emt 0:00:49]} Rd7 {[%emt 0:01:53]} 19. Rfd1 {[%emt 0:01:11]} a6 {[%emt 0:00:54]} 20. Bb6 {[%emt 0:01:49]} Rc8 {[%emt 0:01:13]} 21. Re1 {[%emt 0:10:06]} Bd6 {[%emt 0:13:15]} 22. a3 {[%emt 0:07:17]} Re7 {[%emt 0:05:54]} 23. Rad1 {[%emt 0:03:06]} Bb8 {[%emt 0:02:43]} 24. b4 {[%emt 0:01:47]} g6 {[%emt 0:00:34]} 25. f3 {[%emt 0:03:35]} h5 {[%emt 0:00:47]} 26. h3 {[%emt 0:00:26]} Be6 {[%emt 0:01:21]} 27. Bc5 {[%emt 0:00:35]} Rd7 {[%emt 0:01:07]} 28. Bxe6 {[%emt 0:00:47]} Rxd1 {[%emt 0:00:03]} 29. Rxd1 {[%emt 0:02:48]} fxe6 {[%emt 0:00:01]} 30. Rd7 {[%emt 0:00:06]} Bc7 {[%emt 0:00:15]} 31. Be3 {[%emt 0:00:17]} Kf8 {[%emt 0:01:31]} 32. Bg5 {[%emt 0:03:10]} b6 {[%emt 0:00:17]} 33. Bf6 {[%emt 0:01:38]} Bb8 {[%emt 0:00:19]} 34. Rb7 {[%emt 0:00:42]} Bc7 {[%emt 0:00:18]} 35. Kf2 {[%emt 0:00:26]} Bd8 {[%emt 0:01:18]} 36. Bxd8 {[%emt 0:00:26]} 1-0

[Event "Nordic Chess-ch 2019"]
[Site "Sarpsborg"]
[Date "2019.06.24"]
[Round "5.14"]
[White "Sjoberg, Isak"]
[Black "Gonzalez, Francisco Silva"]
[Result "1-0"]
[WhiteElo "2222"]
[BlackElo "2095"]
[Annotator "ChessBase"]
[PlyCount "87"]
[EventDate "2019.06.21"]
[EventType "swiss"]
[EventCountry "NOR"]
[SourceTitle "playchess.com"]
[Source "ChessBase"]
[SourceQuality "1"]
[TimeControl "40/5400+30:1800+30"]

1. e4 {[%emt 1:30:30]} e5 {[%emt 0:25:15]} 2. Nf3 {[%emt 0:00:00]} Nc6 {[%emt 0:00:24]} 3. Bc4 {[%emt 0:00:00]} Bc5 {[%emt 0:00:18]} 4. c3 {[%emt 0:00:00]} Nf6 {[%emt 0:00:07]} 5. d3 {[%emt 0:00:00]} d6 {[%emt 0:00:10]} 6. O-O {[%emt 0:00:00]} O-O {[%emt 0:00:15]} 7. a4 {[%emt 0:00:00]} a6 {[%emt 0:00:21]} 8. Re1 {[%emt 0:00:00]} Ba7 {[%emt 0:00:19]} 9. h3 {[%emt 0:00:00]} Be6 {[%emt 0:02:23]} 10. Nbd2 {[%emt 0:00:00]} h6 {[%emt 0:02:47]} 11. Bb3 {[%emt 0:00:00]} Ne7 {[%emt 0:11:43]} 12. d4 {[%emt 0:00:00]} exd4 {[%emt 0:13:39]} 13. cxd4 {[%emt 0:00:00]} d5 {[%emt 0:00:43]} 14. e5 {[%emt 0:00:00]} Nd7 {[%emt 0:01:52]} 15. Bc2 {[%emt 0:00:00]} Bf5 {[%emt 0:00:23]} 16. b4 {[%emt 0:00:00]} c6 {[%emt 0:01:57]} 17. Ba3 {[%emt 0:00:00]} Re8 {[%emt 0:01:36]} 18. Rb1 {[%emt 0:00:00]} Nf8 {[%emt 0:01:24]} 19. b5 {[%emt 0:00:00]} Bxc2 {[%emt 0:06:42]} 20. Qxc2 {[%emt 0:00:00]} cxb5 {[%emt 0:00:17]} 21. axb5 {[%emt 0:00:00]} Ne6 {[%emt 0:00:14]} 22. Bxe7 {[%emt 0:00:00]} Rxe7 {[%emt 0:01:03]} 23. bxa6 {[%emt 0:00:00]} Rc7 {[%emt 0:01:25]} 24. Qd3 {[%emt 0:00:00]} bxa6 {[%emt 0:00:23]} 25. Ra1 {[%emt 0:00:00]} Rc6 {[%emt 0:00:58]} 26. Nb3 {[%emt 0:00:00]} Qc8 {[%emt 0:00:44]} 27. Rec1 {[%emt 0:00:00]} Rc4 {[%emt 0:04:24]} 28. Nfd2 {[%emt 0:00:00]} Nf4 {[%emt 0:02:39]} 29. Qf3 {[%emt 0:00:00]} Rxc1+ {[%emt 0:01:26]} 30. Rxc1 {[%emt 0:00:00]} Qf5 {[%emt 0:00:09]} 31. g4 {[%emt 0:00:00]} Qg5 {[%emt 0:09:14]} 32. h4 {[%emt 0:00:00]} Ne2+ {[%emt 0:00:07]} 33. Qxe2 {[%emt 0:00:00]} Qxh4 {[%emt 0:00:03]} 34. e6 {[%emt 0:00:57]} fxe6 {[%emt 0:03:34]} 35. Qxe6+ {[%emt 0:00:06]} Kh8 {[%emt 0:00:10]} 36. Rc8+ {[%emt 0:00:33]} Rxc8 {[%emt 0:00:12]} 37. Qxc8+ {[%emt 0:00:03]} Kh7 {[%emt 0:00:07]} 38. Kg2 {[%emt 0:01:59]} a5 {[%emt 0:00:28]} 39. Nf3 {[%emt 0:00:35]} Qf6 {[%emt 0:00:18]} 40. Nxa5 {[%emt 0:03:39]} Bxd4 {[%emt 0:00:06]} 41. Nb3 {[%emt 0:32:02]} Bc3 {[%emt 0:32:08]} 42. Nc5 {[%emt 0:01:01]} Qd6 {[%emt 0:04:31]} 43. Ne6 {[%emt 0:02:13]} Bb4 {[%emt 0:00:12]} 44. Neg5+ {[%emt 0:01:23]} 1-0

[Event "Nordic Chess-ch 2019"]
[Site "Sarpsborg"]
[Date "2019.06.24"]
[Round "5.15"]
[White "Kristiansen, Rune Harald"]
[Black "Thorn, Eric"]
[Result "1-0"]
[WhiteElo "1849"]
[BlackElo "2230"]
[Annotator "ChessBase"]
[PlyCount "123"]
[EventDate "2019.06.21"]
[EventType "swiss"]
[EventCountry "NOR"]
[SourceTitle "playchess.com"]
[Source "ChessBase"]
[SourceQuality "1"]
[TimeControl "40/5400+30:1800+30"]

1. d4 {[%emt 0:00:00]} Nf6 {[%emt 0:00:03]} 2. c4 {[%emt 0:01:16]} e6 {[%emt 0:00:07]} 3. Nf3 {[%emt 0:01:09]} d5 {[%emt 0:00:09]} 4. Bg5 {[%emt 0:03:23]} dxc4 {[%emt 0:03:47]} 5. Nc3 {[%emt 0:00:52]} a6 {[%emt 0:02:55]} 6. a4 {[%emt 0:10:47]} Nc6 {[%emt 0:10:25]} 7. e3 {[%emt 0:01:18]} Na5 {[%emt 0:03:18]} 8. Nd2 {[%emt 0:07:43]} Bb4 {[%emt 0:07:48]} 9. Nxc4 {[%emt 0:06:47]} Qd5 {[%emt 0:26:19]} 10. Bxf6 {[%emt 1:01:45]} gxf6 {[%emt 0:22:21]} 11. Nd2 {[%emt 0:05:31]} Qf5 {[%emt 0:01:16]} 12. Rc1 {[%emt 0:16:47]} Bd7 {[%emt 0:00:41]} 13. e4 {[%emt 0:11:19]} Qg6 {[%emt 0:01:29]} 14. Qc2 {[%emt 0:00:33]} c5 {[%emt 0:16:22]} 15. d5 {[%emt 0:01:24]} Rc8 {[%emt 0:01:37]} 16. g3 {[%emt 0:02:19]} c4 {[%emt 0:01:15]} 17. Bg2 {[%emt 0:01:09]} Nb3 {[%emt 0:01:42]} 18. Nxb3 {[%emt 0:12:20]} Bxa4 {[%emt 0:00:04]} 19. O-O {[%emt 0:10:29]} Bxb3 {[%emt 0:01:44]} 20. Qe2 {[%emt 0:00:16]} e5 {[%emt 0:02:11]} 21. Bh3 {[%emt 0:01:01]} Rd8 {[%emt 0:02:00]} 22. Kh1 {[%emt 0:01:50]} h5 {[%emt 0:01:05]} 23. Bf5 {[%emt 0:00:12]} Qh6 {[%emt 0:00:31]} 24. Rce1 {[%emt 0:04:14]} h4 {[%emt 0:04:48]} 25. g4 {[%emt 0:01:26]} Qf4 {[%emt 0:02:14]} 26. h3 {[%emt 0:00:17]} Bc5 {[%emt 0:01:23]} 27. Kg2 {[%emt 0:00:16]} Rd6 {[%emt 0:00:39]} 28. Ra1 {[%emt 0:00:45]} b5 {[%emt 0:01:21]} 29. Qe1 {[%emt 0:00:45]} Bc2 {[%emt 0:00:38]} 30. Ne2 {[%emt 0:00:37]} Qh6 {[%emt 0:00:28]} 31. f4 {[%emt 0:00:15]} Bd3 {[%emt 0:00:33]} 32. Kf3 {[%emt 0:00:32]} Bxe2+ {[%emt 0:00:26]} 33. Kxe2 {[%emt 0:00:07]} exf4 {[%emt 0:00:22]} 34. Kf3 {[%emt 0:01:43]} O-O {[%emt 0:00:29]} 35. Qa5 {[%emt 0:00:45]} Rfd8 {[%emt 0:00:41]} 36. Qe1 {[%emt 0:01:05]} Bd4 {[%emt 0:00:19]} 37. Qd2 {[%emt 0:00:29]} Rb8 {[%emt 0:00:43]} 38. Qxd4 {[%emt 0:00:15]} Qf8 {[%emt 0:00:26]} 39. Rg1 {[%emt 0:00:14]} Qd8 {[%emt 0:00:25]} 40. Rg2 {[%emt 0:01:00]} b4 {[%emt 0:00:39]} 41. Rag1 {[%emt 0:30:40]} Qb6 {[%emt 0:30:29]} 42. Qxb6 {[%emt 0:00:00]} Rdxb6 {[%emt 0:00:00]} 43. Rc2 {[%emt 0:00:00]} c3 {[%emt 0:00:00]} 44. bxc3 {[%emt 0:00:00]} b3 {[%emt 0:00:00]} 45. Rb2 {[%emt 0:00:00]} Rb5 {[%emt 0:00:00]} 46. c4 {[%emt 0:00:00]} Rb4 {[%emt 0:00:00]} 47. Rc1 {[%emt 0:00:00]} a5 {[%emt 0:00:00]} 48. c5 {[%emt 0:00:00]} a4 {[%emt 0:00:00]} 49. c6 {[%emt 0:00:00]} a3 {[%emt 0:00:00]} 50. c7 {[%emt 0:00:00]} Rf8 {[%emt 0:00:00]} 51. c8=Q {[%emt 0:00:00]} axb2 {[%emt 0:00:00]} 52. Qxf8+ {[%emt 0:00:00]} Kxf8 {[%emt 0:00:00]} 53. Rb1 {[%emt 0:00:00]} Rc4 {[%emt 0:00:00]} 54. Rxb2 {[%emt 0:00:00]} Rc3+ {[%emt 0:07:05]} 55. Kxf4 {[%emt 0:00:00]} Rxh3 {[%emt 0:07:35]} 56. d6 {[%emt 0:00:00]} Rc3 {[%emt 0:00:00]} 57. d7 {[%emt 0:00:00]} Ke7 {[%emt 0:00:00]} 58. Rd2 {[%emt 0:00:00]} Kd8 {[%emt 0:00:00]} 59. Rd4 {[%emt 0:09:39]} h3 {[%emt 0:00:00]} 60. Ra4 {[%emt 0:00:00]} Rd3 {[%emt 0:00:00]} 61. Ra8+ {[%emt 0:00:00]} Kc7 {[%emt 0:00:00]} 62. Rc8+ {[%emt 0:00:00]} 1-0

[Event "Nordic Chess-ch 2019"]
[Site "Sarpsborg"]
[Date "2019.06.24"]
[Round "5.16"]
[White "Rishovd, Svein"]
[Black "Schouten, Mathias Lind"]
[Result "1-0"]
[WhiteElo "2113"]
[BlackElo "1967"]
[Annotator "NA"]
[PlyCount "131"]
[EventDate "2019.06.21"]
[EventType "swiss"]
[EventCountry "NOR"]
[SourceTitle "playchess.com"]
[Source "ChessBase"]
[SourceQuality "1"]
[TimeControl "40/5400+30:1800+30"]

1. Nf3 {[%emt 0:00:00]} c5 {[%emt 0:00:00]} 2. e4 {[%emt 0:00:00]} d6 {[%emt 0:00:04]} 3. Bb5+ {[%emt 0:00:00]} Bd7 {[%emt 0:00:06]} 4. Bxd7+ {[%emt 0:00:00]} Qxd7 {[%emt 0:00:04]} 5. c4 {[%emt 0:00:40]} Nc6 {[%emt 0:02:54]} 6. d4 {[%emt 0:00:11]} cxd4 {[%emt 0:01:23]} 7. Nxd4 {[%emt 0:00:07]} g6 {[%emt 0:00:39]} 8. Nc3 {[%emt 0:00:48]} Bg7 {[%emt 0:00:32]} 9. Be3 {[%emt 0:00:10]} Nf6 {[%emt 0:03:18]} 10. f3 {[%emt 0:00:28]} O-O {[%emt 0:01:28]} 11. O-O {[%emt 0:00:35]} Rac8 {[%emt 0:01:34]} 12. b3 {[%emt 0:01:07]} a6 {[%emt 0:00:22]} 13. Qd3 {[%emt 0:16:35]} Rfd8 {[%emt 0:12:23]} 14. Rac1 {[%emt 0:01:38]} e6 {[%emt 0:06:11]} 15. Na4 {[%emt 0:08:34]} Qc7 {[%emt 0:08:57]} 16. Ne2 {[%emt 0:05:48]} Nd7 {[%emt 0:01:07]} 17. Qb1 {[%emt 0:10:14]} b6 {[%emt 0:20:10]} 18. Rfd1 {[%emt 0:11:05]} Nc5 {[%emt 0:06:53]} 19. Nac3 {[%emt 0:00:25]} Qb8 {[%emt 0:02:19]} 20. f4 {[%emt 0:18:54]} b5 {[%emt 0:05:58]} 21. cxb5 {[%emt 0:03:32]} axb5 {[%emt 0:00:06]} 22. e5 {[%emt 0:00:12]} b4 {[%emt 0:01:32]} 23. Bxc5 {[%emt 0:02:10]} dxc5 {[%emt 0:01:14]} 24. Ne4 {[%emt 0:02:37]} Bf8 {[%emt 0:03:23]} 25. Nf6+ {[%emt 0:05:40]} Kh8 {[%emt 0:00:13]} 26. Qe4 {[%emt 0:00:26]} Nd4 {[%emt 0:05:58]} 27. Ng3 {[%emt 0:02:23]} Qa8 {[%emt 0:03:43]} 28. Qb1 {[%emt 0:05:34]} Bh6 {[%emt 0:07:26]} 29. Rf1 {[%emt 0:01:05]} Qa7 {[%emt 0:01:42]} 30. Kh1 {[%emt 0:00:33]} Bf8 {[%emt 0:01:17]} 31. Nge4 {[%emt 0:02:16]} Nb5 {[%emt 0:00:35]} 32. h4 {[%emt 0:00:35]} Na3 {[%emt 0:00:18]} 33. Qb2 {[%emt 0:00:14]} c4 {[%emt 0:00:16]} 34. bxc4 {[%emt 0:00:16]} Nxc4 {[%emt 0:00:12]} 35. Qe2 {[%emt 0:00:22]} Ne3 {[%emt 0:00:42]} 36. Rxc8 {[%emt 0:01:52]} Rxc8 {[%emt 0:00:04]} 37. Re1 {[%emt 0:00:24]} Nf5 {[%emt 0:01:04]} 38. h5 {[%emt 0:00:12]} Ra8 {[%emt 0:01:50]} 39. hxg6 {[%emt 0:00:24]} fxg6 {[%emt 0:00:04]} 40. g4 {[%emt 0:00:21]} Nd4 {[%emt 0:01:17]} 41. Qf2 {[%emt 0:08:03]} Rc8 {[%emt 0:09:48]} 42. Rd1 {[%emt 0:02:27]} Rd8 {[%emt 0:03:35]} 43. Nd6 {[%emt 0:06:01]} Bxd6 {[%emt 0:00:07]} 44. Qxd4 {[%emt 0:00:18]} Qxd4 {[%emt 0:01:24]} 45. Rxd4 {[%emt 0:00:09]} Be7 {[%emt 0:00:08]} 46. Rxd8+ {[%emt 0:01:07]} Bxd8 {[%emt 0:00:08]} 47. Ne4 {[%emt 0:02:48]} Be7 {[%emt 0:00:10]} 48. g5 {[%emt 0:02:50]} Kg7 {[%emt 0:01:20]} 49. Kg2 {[%emt 0:00:05]} h6 {[%emt 0:01:25]} 50. gxh6+ {[%emt 0:00:26]} Kxh6 {[%emt 0:00:32]} 51. Kg3 {[%emt 0:04:34]} Kg7 {[%emt 0:11:10]} 52. Ng5 {[%emt 0:02:14]} Bf6 {[%emt 0:03:47]} 53. exf6+ {[%emt 0:01:18]} Kxf6 {[%emt 0:00:05]} 54. Ne4+ {[%emt 0:00:16]} Kf5 {[%emt 0:00:32]} 55. Nd6+ {[%emt 0:00:06]} Kf6 {[%emt 0:00:04]} 56. Nc4 {[%emt 0:01:41]} g5 {[%emt 0:02:53]} 57. fxg5+ {[%emt 0:00:16]} Kxg5 {[%emt 0:00:04]} 58. Kf3 {[%emt 0:00:16]} Kf5 {[%emt 0:00:05]} 59. Ke3 {[%emt 0:00:04]} e5 {[%emt 0:00:11]} 60. Nd2 {[%emt 0:00:31]} Ke6 {[%emt 0:00:17]} 61. Ke4 {[%emt 0:00:47]} Kd6 {[%emt 0:00:09]} 62. Nb3 {[%emt 0:00:48]} Ke6 {[%emt 0:01:06]} 63. Nc5+ {[%emt 0:00:34]} Kd6 {[%emt 0:00:20]} 64. Nd3 {[%emt 0:00:20]} Kc6 {[%emt 0:00:03]} 65. Nxb4+ {[%emt 0:00:07]} Kb5 {[%emt 0:00:04]} 66. Nc2 {[%emt 0:00:33]} 1-0

[Event "Nordic Chess-ch 2019"]
[Site "Sarpsborg"]
[Date "2019.06.24"]
[Round "5.17"]
[White "Johansen, Torbjorn Reidar"]
[Black "Wahlund, Max"]
[Result "0-1"]
[WhiteElo "1754"]
[BlackElo "2103"]
[Annotator "NA"]
[PlyCount "88"]
[EventDate "2019.06.21"]
[EventType "swiss"]
[EventCountry "NOR"]
[SourceTitle "playchess.com"]
[Source "ChessBase"]
[SourceQuality "1"]
[TimeControl "40/5400+30:1800+30"]

1. e4 {[%emt 0:00:00]} c5 {[%emt 0:04:47]} 2. Nf3 {[%emt 0:00:00]} Nc6 {[%emt 0:00:02]} 3. d4 {[%emt 0:00:05]} cxd4 {[%emt 0:00:03]} 4. Nxd4 {[%emt 0:00:08]} e5 {[%emt 0:00:04]} 5. Nb5 {[%emt 0:03:02]} d6 {[%emt 0:00:03]} 6. N1c3 {[%emt 0:01:08]} a6 {[%emt 0:00:04]} 7. Na3 {[%emt 0:00:11]} Be7 {[%emt 0:00:05]} 8. Nd5 {[%emt 0:00:05]} Nf6 {[%emt 0:02:24]} 9. Nxe7 {[%emt 0:02:54]} Qxe7 {[%emt 0:01:00]} 10. Bg5 {[%emt 0:00:42]} O-O {[%emt 0:00:58]} 11. Nc4 {[%emt 0:03:24]} h6 {[%emt 0:13:24]} 12. Nb6 {[%emt 0:17:24]} hxg5 {[%emt 0:00:34]} 13. Nxa8 {[%emt 0:00:06]} Qd8 {[%emt 0:08:26]} 14. f3 {[%emt 0:05:59]} Be6 {[%emt 0:00:33]} 15. Qd2 {[%emt 0:03:56]} Qxa8 {[%emt 0:01:50]} 16. h4 {[%emt 0:05:39]} g4 {[%emt 0:00:37]} 17. h5 {[%emt 0:01:04]} Nh7 {[%emt 0:06:45]} 18. Be2 {[%emt 0:05:40]} Qd8 {[%emt 0:01:01]} 19. O-O-O {[%emt 0:06:17]} Qg5 {[%emt 0:00:59]} 20. fxg4 {[%emt 0:00:32]} Nd4 {[%emt 0:01:49]} 21. Bf3 {[%emt 0:02:35]} Rc8 {[%emt 0:01:08]} 22. Kb1 {[%emt 0:06:31]} Nxc2 {[%emt 0:05:41]} 23. Qxd6 {[%emt 0:06:57]} Nd4 {[%emt 0:01:26]} 24. Qb6 {[%emt 0:05:55]} Qd8 {[%emt 0:08:31]} 25. Qxd8+ {[%emt 0:04:07]} Rxd8 {[%emt 0:00:02]} 26. Rc1 {[%emt 0:00:38]} Ng5 {[%emt 0:00:54]} 27. Rhf1 {[%emt 0:00:46]} Rc8 {[%emt 0:01:13]} 28. Rce1 {[%emt 0:05:18]} Bc4 {[%emt 0:01:22]} 29. Rf2 {[%emt 0:00:08]} Bd3+ {[%emt 0:00:15]} 30. Ka1 {[%emt 0:02:25]} Nc2+ {[%emt 0:00:05]} 31. Rxc2 {[%emt 0:00:07]} Rxc2 {[%emt 0:00:10]} 32. b3 {[%emt 0:04:56]} Rd2 {[%emt 0:03:02]} 33. Re3 {[%emt 0:02:05]} Ne6 {[%emt 0:00:15]} 34. Re1 {[%emt 0:03:11]} Nd4 {[%emt 0:00:06]} 35. Rg1 {[%emt 0:01:44]} b5 {[%emt 0:01:28]} 36. Rc1 {[%emt 0:00:45]} b4 {[%emt 0:01:48]} 37. g5 {[%emt 0:00:32]} Nb5 {[%emt 0:00:16]} 38. Rd1 {[%emt 0:01:00]} Rxd1+ {[%emt 0:01:11]} 39. Bxd1 {[%emt 0:00:06]} Bxe4 {[%emt 0:00:10]} 40. g3 {[%emt 0:01:58]} Nc3 {[%emt 0:01:00]} 41. Bg4 {[%emt 0:29:53]} Bb1 {[%emt 0:31:15]} 42. Kb2 {[%emt 0:00:00]} Bxa2 {[%emt 0:00:00]} 43. Bf5 {[%emt 0:00:00]} e4 {[%emt 0:00:00]} 44. g4 {[%emt 0:00:00]} Bb1 {[%emt 0:35:14]} 0-1